[Event "FAI-chT3 1617"]
[Site "Faroe Islands"]
[Date "2016.10.23"]
[Round "1.2"]
[White "Poulsen, Poul"]
[Black "Mortensen, Herluf"]
[Result "1/2-1/2"]
[WhiteElo "1606"]
[BlackElo "1784"]
[PlyCount "80"]
[EventDate "2016.10.23"]
[EventType "team-tourn"]
[EventRounds "9"]
[EventCountry "FAI"]
[SourceTitle "EXT 2020"]
[Source "ChessBase"]
[SourceDate "2019.10.17"]
[SourceVersion "1"]
[SourceVersionDate "2019.10.17"]
[SourceQuality "1"]
[WhiteTeam "Havnin V"]
[BlackTeam "Havnin VI"]
[WhiteTeamCountry "FAI"]
[BlackTeamCountry "FAI"]

1. e4 e6 2. d4 d5 3. e5 c5 4. Nf3 Nc6 5. c3 Qb6 6. Be2 cxd4 7. cxd4 Nge7 8. Nc3 Nf5 9. Bb5 Bd7 10. Bxc6 bxc6 11. 0-0 c5 12. Na4 Qb5 13. Nxc5 Bxc5 14. dxc5 Qxc5 15. Bf4 Qb4 16. Qd2 Qxd2 17. Bxd2 0-0 18. Rfc1 Rfc8 19. g4 Ne7 20. Nd4 Nc6 21. Nxc6 Bxc6 22. Rc5 Bd7 23. Rac1 Rxc5 24. Rxc5 Rc8 25. Be3 Rxc5 26. Bxc5 a6 27. f4 f6 28. Kf2 Kf7 29. b3 Bb5 30. Ke3 Bf1 31. Bd6 fxe5 32. fxe5 g6 33. g5 Ke8 34. Kd4 Kd7 35. Kc5 d4 36. Kxd4 Kc6 37. a4 Be2 38. Kc3 Bd1 39. Kb4 Be2 40. Ka5 Bf1 1/2-1/2

[Event "FAI-chT2 1213"]
[Site "Faroe Islands"]
[Date "2013.01.19"]
[Round "7.2"]
[White "Heldarskard, Vagn"]
[Black "Poulsen, Poul"]
[Result "0-1"]
[WhiteElo "1460"]
[BlackElo "1613"]
[PlyCount "152"]
[EventDate "2012.10.28"]
[EventType "team-tourn"]
[EventRounds "10"]
[EventCountry "FAI"]
[SourceTitle "EXT 2014"]
[Source "ChessBase"]
[SourceDate "2013.11.20"]
[SourceVersion "1"]
[SourceVersionDate "2013.11.20"]
[SourceQuality "1"]
[WhiteTeam "Klaksvik III"]
[BlackTeam "Havnin II"]
[WhiteTeamCountry "FAI"]
[BlackTeamCountry "FAI"]

1. e4 e5 2. Nf3 Nc6 3. Bc4 Be7 4. d4 exd4 5. Nxd4 d6 6. 0-0 Nf6 7. Nf5 0-0 8. Nc3 Be6 9. Bxe6 fxe6 10. Nxe7+ Qxe7 11. f4 Qf7 12. b3 Qg6 13. f5 Qg4 14. fxe6 Qxe6 15. Nd5 Rf7 16. Bb2 Nxe4 17. Rxf7 Qxf7 18. Qg4 Rf8 19. h3 Nc5 20. Nf6+ Kh8 21. Nh5 Ne5 22. Qe2 Ncd7 23. Ng3 Qg6 24. Ne4 Rf4 25. Nc3 Qg3 26. Rf1 Rxf1+ 27. Qxf1 Qe3+ 28. Kh1 c6 29. Ne2 Nf6 30. Bc1 Qe4 31. Bg5 Ned7 32. Qf2 b6 33. Ng3 Qe6 34. Qf3 d5 35. Qd3 b5 36. a4 a6 37. Qc3 Kg8 38. Qa5 Qe8 39. Qxa6 Qe1+ 40. Kh2 Qe6 41. Qc8+ Kf7 42. a5 Nc5 43. Qc7+ Qd7 44. Qf4 Ne6 45. Qd2 Nxg5 46. Qxg5 Qc7 47. a6 Ne4 48. Qh5+ Kf8 49. Qf5+ Ke8 50. Qe6+ Kf8 51. Qg4 Ke8 52. h4 Kd8 53. Kh3 Nxg3 54. Qxg3 Kc8 55. Qf2 Kb8 56. Qc5 Ka8 57. b4 g6 58. c3 Qc8+ 59. Kh2 Qxa6 60. Qf8+ Ka7 61. Qc5+ Kb8 62. Qd4 Qc8 63. Qc5 Kb7 64. Kh1 Qd8 65. Qd4 Qe7 66. Kg1 h6 67. Qf4 Qe1+ 68. Kh2 Qxc3 69. Qf7+ Kb6 70. Qf8 Qe5+ 71. Kg1 Qe1+ 72. Kh2 Qxh4+ 73. Kg1 Qe1+ 74. Kh2 Qe5+ 75. Kh1 d4 76. Qa8 Qe1+ 0-1

[Event "FAI-chT2 1213"]
[Site "Faroe Islands"]
[Date "2013.01.19"]
[Round "6.2"]
[White "Poulsen, Poul"]
[Black "Jacobsen, Suni"]
[Result "0-1"]
[WhiteElo "1613"]
[BlackElo "1857"]
[PlyCount "66"]
[EventDate "2012.10.28"]
[EventType "team-tourn"]
[EventRounds "10"]
[EventCountry "FAI"]
[SourceTitle "EXT 2014"]
[Source "ChessBase"]
[SourceDate "2013.11.20"]
[SourceVersion "1"]
[SourceVersionDate "2013.11.20"]
[SourceQuality "1"]
[WhiteTeam "Havnin II"]
[BlackTeam "Havnin III"]
[WhiteTeamCountry "FAI"]
[BlackTeamCountry "FAI"]

1. e4 c5 2. Nf3 e6 3. d4 cxd4 4. Nxd4 Nf6 5. Nc3 Bb4 6. Bd2 Bxc3 7. Bxc3 Nxe4 8. Qg4 Nxc3 9. Qxg7 Rf8 10. bxc3 a6 11. Bd3 Qc7 12. Ne2 Nc6 13. 0-0 h5 14. Ng3 Qe5 15. Qxe5 Nxe5 16. Nxh5 d5 17. Rab1 Rh8 18. Nf6+ Ke7 19. Nxd5+ exd5 20. Rfe1 Kd6 21. Rbd1 Nxd3 22. cxd3 Be6 23. d4 Rac8 24. Re3 Rc4 25. Rb1 b5 26. g3 Rhc8 27. Rb3 Bh3 28. f4 b4 29. Rxb4 Rxb4 30. cxb4 Rc2 31. Ra3 Rg2+ 32. Kh1 Rf2 33. Rxa6+ Ke7 0-1